000
00200 a2200097 4500
020
_a
9780545558273
041
_a
spa
100
_a
Francesca Allen
245
_a
Easy spanish words
942
_c
Libros/Book
999
_c
29132
_d
29130